000 00254nam a2200109Ia 4500
005 20251222114406.0
008 251222s1900||||xx |||||||||||||| ||spa||
082 _aDVD0092/S25M/1996
245 0 _aMundo Achuar
264 _bMuñóz C., Armando
942 _cDVD
999 _c1832
_d1832